000 01789nam a22002177a 4500
008 170721b xxu||||| |||| 00| 0 eng d
020 _a0-02-315062-9
082 _21995
_aDC 371.9044
_bC18
100 _921380
_aBrolin, Donn E.
245 _aCareer education :
_ba functional life skills approach /
_cDonn E. Brolin.
250 _aThird Education
260 _aEnglewood Cliffs, N.J. :
_bMerrill,
_cc1995.
300 _axviii, 525 pages :
_billustrations ;
_c25 cm.
500 _aIncludes bibliographical references and indexes.
505 _aPt. 1. Introduction. Ch. 1. Education of students with special learning needs. Ch. 2. A functional skills curriculum approach. Ch. 3. Life-centered career education curriculum -- Pt. 2. Family and community resources. Ch. 4. Family involvement / Michael Wehmeyer and Sharon Davis. Ch. 5. Agencies, organizations, and informational resources. Ch. 6. Business and industry involvement -- Pt. 3. Instructional planning. Ch. 7. Functional/Career assessment / Donn E. Brolin and Stephen W. Thomas. Ch. 8. Individualized educational and transition planning / Iva Dean Cook, Carol Opperman and Melody Thurman-Urbanic. Ch. 9. Instructional materials and resources / Iva Dean Cook, Carol Opperman and Melody Thurman-Urbanic -- Pt. 4. Instructional delivery. Ch. 10. Daily living skills. Ch. 11. Personal-Social skills. Ch. 12. Occupational guidance and preparation -- Pt. 5. Implementation. Ch. 13. Career education programs. Ch. 14. Issues and future directions.
650 0 _921381
_aChildren with disabilities -- Vocational education -- United States.
650 0 _921382
_aCareer education -- United States.
650 0 _921383
_aChildren with disabilities -- United States -- Life skills guides.
365 _b3,672.00
_cPhp
942 _2ddc
_cDC
999 _c7067
_d7067